[Event "Baden-ch U1700"]
[Site "Walldorf"]
[Date "2017.07.28"]
[Round "3"]
[White "Pitic, Mustafa"]
[Black "Zipse, Gerold"]
[Result "1-0"]
[WhiteElo "1796"]
[BlackElo "1442"]
[PlyCount "83"]
[EventDate "2017.07.26"]
[EventType "swiss"]
[EventRounds "7"]
[EventCountry "GER"]
[SourceTitle "EXT 2018"]
[Source "ChessBase"]
[SourceDate "2017.10.13"]
[SourceVersion "1"]
[SourceVersionDate "2017.10.13"]
[SourceQuality "1"]

1. d4 Nf6 2. c4 c5 3. d5 e6 4. Nc3 exd5 5. cxd5 d6 6. g3 g6 7. Bg2 Bg7 8. e4 0-0 9. Nge2 Re8 10. 0-0 a6 11. a4 Bg4 12. Qc2 Bxe2 13. Nxe2 Nbd7 14. Nc3 Qb6 15. Bd2 Re7 16. Kh1 Rae8 17. Rab1 Qc7 18. h3 Rb8 19. Rfc1 b5 20. axb5 axb5 21. Bf1 b4 22. Nb5 Qb6 23. Re1 Ra8 24. Ra1 Ree8 25. Bf4 Rxa1 26. Rxa1 Bf8 27. Ra7 Rxe4 28. Qa4 b3 29. Bc4 Ne5 30. Bxe5 Rxe5 31. Ra6 Qd8 32. Ra8 Re1+ 33. Kg2 Qe7 34. Nc3 Rc1 35. Bf1 Qe1 36. Qb5 Rc2 37. Be2 Ne4 38. Nxe4 Rc1 39. Kf3 Qh1+ 40. Ke3 Qxh3 41. Qe8 Qh6+ 42. f4 1-0

[Event "Pfalz op-B 8th"]
[Site "Neustadt an der Weinstrasse"]
[Date "2017.02.25"]
[Round "3"]
[White "Pitic, Mustafa"]
[Black "Braje, Monika"]
[Result "0-1"]
[WhiteElo "1860"]
[BlackElo "1787"]
[PlyCount "112"]
[EventDate "2017.02.24"]
[EventType "swiss"]
[EventRounds "7"]
[EventCountry "GER"]
[SourceTitle "CBM 177 Extra"]
[Source "ChessBase"]
[SourceDate "2017.04.27"]
[SourceVersion "1"]
[SourceVersionDate "2017.04.27"]
[SourceQuality "1"]

1. Nf3 d5 2. b3 Nf6 3. Bb2 e6 4. d4 Be7 5. Nbd2 0-0 6. c4 c6 7. g3 Nbd7 8. Bg2 Nb6 9. 0-0 dxc4 10. bxc4 Bd7 11. e4 Rc8 12. e5 Ne8 13. a4 c5 14. a5 Na8 15. d5 exd5 16. cxd5 Bb5 17. d6 Bxf1 18. dxe7 Qxe7 19. Qxf1 Nec7 20. Ne4 Ne6 21. Nd6 Rc7 22. Nb5 Rd7 23. Nh4 Nd4 24. Nxd4 cxd4 25. f4 Rfd8 26. Nf5 Qb4 27. Ba3 Qc3 28. Bd6 g6 29. Ne7+ Kg7 30. Bh3 Rxd6 31. exd6 Rxd6 32. Nc8 Rd8 33. Nxa7 d3 34. Bg4 Qd4+ 35. Kg2 Qxa7 36. f5 Qd4 37. fxg6 hxg6 38. Bf3 Qb4 39. Rb1 Qxa5 40. Rxb7 Qa2+ 41. Kg1 d2 42. Bd1 Qd5 43. Rb5 Qd4+ 44. Kg2 Re8 45. Rb7 Qd5+ 46. Bf3 Re1 47. Rb5 Qa2 48. Qf2 d1Q 49. Qxa2 Rg1+ 50. Kh3 Qf1+ 51. Kg4 Qxb5 52. Qxa8 Qf5+ 53. Kh4 g5+ 54. Kh5 g4+ 55. Kh4 gxf3 56. Qa4 Re1 0-1

[Event "Rheinland Pfalz op 7th"]
[Site "Frankenthal"]
[Date "2015.06.06"]
[Round "6"]
[White "Pitic, Mustafa"]
[Black "Herzel, Dieter"]
[Result "0-1"]
[WhiteElo "1842"]
[BlackElo "1990"]
[PlyCount "74"]
[EventDate "2015.06.04"]
[EventType "swiss"]
[EventRounds "7"]
[EventCountry "GER"]
[SourceTitle "EXT 2017"]
[Source "ChessBase"]
[SourceDate "2016.10.25"]
[SourceVersion "1"]
[SourceVersionDate "2016.10.25"]
[SourceQuality "1"]

1. Nf3 f5 2. d4 Nf6 3. c4 e6 4. g3 Be7 5. Bg2 0-0 6. 0-0 d6 7. b3 Ne4 8. Bb2 Bf6 9. Ne1 Qe8 10. Qc2 Ng5 11. Nd2 Nc6 12. Nef3 Nxf3+ 13. Nxf3 e5 14. dxe5 dxe5 15. e3 e4 16. Nd4 Nb4 17. Qd2 Nd3 18. Bc3 Bd7 19. f3 c5 20. Ne2 Bxc3 21. Nxc3 Bc6 22. fxe4 fxe4 23. Rxf8+ Kxf8 24. Rf1+ Kg8 25. Qe2 Qe5 26. Nb1 h5 27. Bh3 g6 28. g4 Qg5 29. Kh1 Qh4 30. Kg2 Bd7 31. Rf4 Nxf4+ 32. exf4 hxg4 33. Qd2 gxh3+ 34. Kf1 Qe7 35. Nc3 Bc6 36. Qe3 Rd8 37. Qg3 Qf6 0-1

[Event "Rheinland Pfalz op 7th"]
[Site "Frankenthal"]
[Date "2015.06.06"]
[Round "2"]
[White "Rangs, Uwe"]
[Black "Pitic, Mustafa"]
[Result "0-1"]
[WhiteElo "1603"]
[BlackElo "1842"]
[PlyCount "84"]
[EventDate "2015.06.04"]
[EventType "swiss"]
[EventRounds "7"]
[EventCountry "GER"]
[SourceTitle "EXT 2017"]
[Source "ChessBase"]
[SourceDate "2016.10.25"]
[SourceVersion "1"]
[SourceVersionDate "2016.10.25"]
[SourceQuality "1"]

1. e4 g6 2. d4 Bg7 3. Nc3 d6 4. Bc4 Nf6 5. Nf3 Bg4 6. h3 Bxf3 7. Qxf3 0-0 8. e5 dxe5 9. dxe5 Nfd7 10. Qxb7 Nb6 11. Qe4 N8d7 12. e6 fxe6 13. Bxe6+ Kh8 14. 0-0 Nc5 15. Qe2 Qd6 16. Bg4 Rf7 17. Be3 Raf8 18. Rad1 Qc6 19. Bf3 Rxf3 20. gxf3 Ne6 21. Kg2 Nc4 22. Nd5 Nxb2 23. Rd2 Nc4 24. Rdd1 Ne5 25. f4 Rxf4 26. f3 Rc4 27. c3 Ra4 28. Qc2 Nc4 29. Bf2 Ra5 30. Qe4 Rxd5 31. Bg3 Rd2+ 32. Rxd2 Qxe4 33. fxe4 Nxd2 34. Rf7 Bf6 35. e5 Kg8 36. Rxh7 Kxh7 37. exf6 exf6 38. Bf2 a5 39. Be3 Nc4 40. Bf2 Nf4+ 41. Kh2 Ne2 42. Be1 a4 0-1

[Event "Ludwigshafen-ch 21st"]
[Site "Ludwigshafen"]
[Date "2007.09.08"]
[Round "7"]
[White "Auburger, Kristin"]
[Black "Pitic, Mustafa"]
[Result "0-1"]
[WhiteElo "1851"]
[BlackElo "2017"]
[PlyCount "44"]
[EventDate "2007.08.25"]
[EventType "swiss"]
[EventRounds "7"]
[EventCountry "GER"]
[SourceTitle "EXT 2008"]
[Source "ChessBase"]
[SourceDate "2007.11.25"]
[SourceVersion "1"]
[SourceVersionDate "2007.11.25"]
[SourceQuality "1"]

1. d4 d5 2. c4 c6 3. Nf3 Nf6 4. Nc3 a6 5. cxd5 cxd5 6. Bg5 Ne4 7. Bf4 Nc6 8. Rc1 e6 9. e3 Bb4 10. Bd3 Qa5 11. Qc2 Qxa2 12. Nd2 Bxc3 13. Bxe4 Bxd2+ 14. Kxd2 dxe4 15. Bd6 Qd5 16. Ba3 e5 17. Qc5 Qxc5 18. Rxc5 exd4 19. exd4 Nxd4 20. Re5+ Be6 21. Rxe4 0-0-0 22. Ke3 Nc2+ 0-1

[Event "Ludwigshafen-ch 21st"]
[Site "Ludwigshafen"]
[Date "2007.09.01"]
[Round "4"]
[White "Pitic, Mustafa"]
[Black "Hoegerl, Gerd"]
[Result "0-1"]
[WhiteElo "2017"]
[BlackElo "2196"]
[PlyCount "80"]
[EventDate "2007.08.25"]
[EventType "swiss"]
[EventRounds "7"]
[EventCountry "GER"]
[SourceTitle "EXT 2008"]
[Source "ChessBase"]
[SourceDate "2007.11.25"]
[SourceVersion "1"]
[SourceVersionDate "2007.11.25"]
[SourceQuality "1"]

1. c4 Nf6 2. Nf3 c5 3. d4 cxd4 4. Nxd4 g6 5. g3 Qc7 6. b3 Nc6 7. Nb5 Qb8 8. Bb2 Bg7 9. Bg2 d6 10. 0-0 0-0 11. N1c3 Bf5 12. Qd2 a6 13. Na3 Qc8 14. Na4 Rb8 15. Nb6 Qd8 16. Nd5 Ne4 17. Bxe4 Bxb2 18. Qxb2 Bxe4 19. Nc3 Bf5 20. e4 Bh3 21. Rfd1 Bg4 22. Rd5 e6 23. Rd3 Ne5 24. Re3 Nf3+ 25. Kg2 f5 26. exf5 Ne5 27. f4 Qb6 28. Rae1 Qc6+ 29. Ne4 Nf3 30. Rf1 exf5 31. h3 Bh5 32. g4 fxe4 33. gxh5 Rxf4 34. h6 Qd7 35. Kg3 Rbf8 36. c5 R8f7 37. Nc4 Ng5 38. Rh1 Qf5 39. Nd2 Rf2 40. Nf3 Rxb2 0-1

[Event "Ludwigshafen-ch 21st"]
[Site "Ludwigshafen"]
[Date "2007.08.28"]
[Round "2"]
[White "Pitic, Mustafa"]
[Black "Kuehner, Peter"]
[Result "1-0"]
[WhiteElo "2017"]
[BlackElo "1804"]
[PlyCount "33"]
[EventDate "2007.08.25"]
[EventType "swiss"]
[EventRounds "7"]
[EventCountry "GER"]
[SourceTitle "EXT 2008"]
[Source "ChessBase"]
[SourceDate "2007.11.25"]
[SourceVersion "1"]
[SourceVersionDate "2007.11.25"]
[SourceQuality "1"]

1. d4 d5 2. c4 e6 3. Nc3 c6 4. e3 Bd6 5. Nf3 Nd7 6. Be2 Ngf6 7. 0-0 0-0 8. b3 Qe7 9. Qc2 a6 10. a4 Re8 11. Bb2 e5 12. dxe5 Nxe5 13. Nxe5 Qxe5 14. g3 dxc4 15. bxc4 Bg4 16. Nd5 Bf5 17. Bxe5 1-0

[Event "Ludwigshafen-ch 21st"]
[Site "Ludwigshafen"]
[Date "2007.08.25"]
[Round "1"]
[White "Beyer, Thomas"]
[Black "Pitic, Mustafa"]
[Result "0-1"]
[WhiteElo "1539"]
[BlackElo "2017"]
[PlyCount "96"]
[EventDate "2007.08.25"]
[EventType "swiss"]
[EventRounds "7"]
[EventCountry "GER"]
[SourceTitle "EXT 2008"]
[Source "ChessBase"]
[SourceDate "2007.11.25"]
[SourceVersion "1"]
[SourceVersionDate "2007.11.25"]
[SourceQuality "1"]

1. e4 d6 2. d4 Nf6 3. Nc3 g6 4. Be2 Bg7 5. h4 h5 6. Nf3 Bg4 7. Bg5 Nbd7 8. e5 Nh7 9. Bf4 Bxf3 10. Bxf3 dxe5 11. dxe5 Bxe5 12. Bxe5 Nxe5 13. Qxd8+ Rxd8 14. Bxb7 Rb8 15. Ba6 Rxb2 16. 0-0-0 Rb8 17. Nb5 c6 18. Nc7+ Kf8 19. f4 Ng4 20. Rd7 Nhf6 21. Rd4 Ne3 22. Rg1 Kg7 23. Be2 Rbc8 24. Na6 Nf5 25. Ra4 Nxh4 26. g4 hxg4 27. Nc5 Rc7 28. Ne4 Nxe4 29. Rxe4 f5 30. Re6 c5 31. Bc4 Nf3 32. Rf1 Rh2 33. Re2 Rxe2 34. Bxe2 Nd4 35. Bc4 Kf6 36. Rh1 e5 37. fxe5+ Kxe5 38. Re1+ Kf4 39. Rf1+ Nf3 40. Bd5 g5 41. c4 Re7 42. Rf2 Re1+ 43. Kb2 Re3 44. Rg2 g3 45. a4 Rd3 46. a5 Rd2+ 47. Rxd2 Nxd2 48. Kc1 Nxc4 0-1

[Event "RLP-ch Seniors 26th"]
[Site "Ludwigshafen"]
[Date "2007.07.21"]
[Round "7"]
[White "Reis, Hans Helmut"]
[Black "Pitic, Mustafa"]
[Result "1-0"]
[WhiteElo "2140"]
[BlackElo "2014"]
[PlyCount "65"]
[EventDate "2007.07.15"]
[EventType "swiss"]
[EventRounds "7"]
[EventCountry "GER"]
[SourceTitle "EXT 2009"]
[Source "ChessBase"]
[SourceDate "2008.11.26"]
[SourceVersion "1"]
[SourceVersionDate "2008.11.26"]
[SourceQuality "1"]

1. d4 Nf6 2. Bf4 e6 3. Nf3 c5 4. e3 Nc6 5. c3 b6 6. h3 Bb7 7. Nbd2 Be7 8. Be2 0-0 9. 0-0 d6 10. Bh2 a5 11. Qa4 Na7 12. Rfd1 Bc6 13. Qc2 Qc8 14. Rac1 Qb7 15. b3 Rac8 16. Qb2 Nd7 17. Nc4 Qc7 18. dxc5 Nxc5 19. Nxd6 Rcd8 20. Nxf7 Rxd1+ 21. Rxd1 Qb7 22. N7e5 Be8 23. b4 axb4 24. cxb4 Na4 25. Qb3 Qc8 26. Bc4 Kh8 27. Bxe6 Qa6 28. Bd7 Bxd7 29. Rxd7 Qc8 30. Qxa4 b5 31. Qd1 Nc6 32. Nxc6 Qxc6 33. Rxe7 1-0

[Event "RLP-ch Seniors 26th"]
[Site "Ludwigshafen"]
[Date "2007.07.20"]
[Round "6"]
[White "Pitic, Mustafa"]
[Black "Amrehn, Fred"]
[Result "1-0"]
[WhiteElo "2014"]
[BlackElo "2185"]
[PlyCount "89"]
[EventDate "2007.07.15"]
[EventType "swiss"]
[EventRounds "7"]
[EventCountry "GER"]
[SourceTitle "EXT 2009"]
[Source "ChessBase"]
[SourceDate "2008.11.26"]
[SourceVersion "1"]
[SourceVersionDate "2008.11.26"]
[SourceQuality "1"]

1. d4 Nc6 2. c4 Nf6 3. Nf3 d6 4. Nc3 Bg4 5. e3 g6 6. Be2 Bg7 7. Qb3 Qc8 8. h3 Bf5 9. Nh4 Bd7 10. d5 Nb8 11. e4 a5 12. f4 Na6 13. e5 Ng8 14. Nf3 h5 15. Be3 Nh6 16. Ne4 b6 17. Bd4 Nf5 18. Bc3 Nc5 19. Nxc5 bxc5 20. Kf2 h4 21. Qc2 0-0 22. Bd3 Qd8 23. Rae1 e6 24. Ng5 dxe5 25. dxe6 fxe6 26. Bxe5 Bxe5 27. Rxe5 Nd4 28. Qd2 Qf6 29. Rxc5 e5 30. Ne4 Qb6 31. Ke1 exf4 32. Rd5 Qe6 33. Rxd4 c5 34. Rd6 Qe7 35. Rxg6+ Kh7 36. Rg5 Bc6 37. Qf2 Rf6 38. Qxh4+ Rh6 39. Qxf4 Rf8 40. Re5 Qg7 41. Ng3+ Kh8 42. Nf5 Qxg2 43. Qxh6+ Kg8 44. Ne7+ Kf7 45. Bg6+ 1-0

[Event "RLP-ch Seniors 26th"]
[Site "Ludwigshafen"]
[Date "2007.07.16"]
[Round "2"]
[White "Vakuliuk, Fiodor"]
[Black "Pitic, Mustafa"]
[Result "1-0"]
[WhiteElo "1836"]
[BlackElo "2014"]
[PlyCount "85"]
[EventDate "2007.07.15"]
[EventType "swiss"]
[EventRounds "7"]
[EventCountry "GER"]
[SourceTitle "EXT 2009"]
[Source "ChessBase"]
[SourceDate "2008.11.26"]
[SourceVersion "1"]
[SourceVersionDate "2008.11.26"]
[SourceQuality "1"]

1. e4 d6 2. g3 g6 3. Bg2 c5 4. Nc3 Bg7 5. d3 e6 6. Nge2 Nc6 7. Be3 Nd4 8. Nf4 Ne7 9. Qd2 0-0 10. Nd1 Ndc6 11. c3 Ne5 12. h3 b5 13. Ne2 c4 14. Nc1 d5 15. f4 Nd7 16. a4 dxe4 17. axb5 cxd3 18. Bxe4 Nd5 19. Bf2 N7f6 20. Bg2 e5 21. fxe5 Re8 22. 0-0 Rxe5 23. Bd4 Rf5 24. Qxd3 Rxf1+ 25. Qxf1 Qd6 26. Bf2 Nh5 27. Qd3 Nhf6 28. Ne3 Bf5 29. Nxf5 gxf5 30. c4 f4 31. cxd5 Nh5 32. g4 Ng3 33. Qd2 Bh6 34. Ra6 Qc7 35. Rxh6 Qxc1+ 36. Qxc1 Ne2+ 37. Kf1 Nxc1 38. Ra6 Rb8 39. d6 Nd3 40. Bd4 Kf8 41. Bc6 Nb4 42. Rxa7 f3 43. Bf6 1-0

[Event "Verbandsliga Nord Baden 0607"]
[Site "Germany"]
[Date "2006.12.17"]
[Round "4.7"]
[White "Pitic, Mustafa"]
[Black "Behling, Robert"]
[Result "0-1"]
[WhiteElo "1992"]
[BlackElo "2247"]
[PlyCount "98"]
[EventDate "2006.10.22"]
[EventType "team"]
[EventRounds "9"]
[EventCountry "GER"]
[SourceTitle "EXT 2008"]
[Source "ChessBase"]
[SourceDate "2007.11.25"]
[SourceVersion "1"]
[SourceVersionDate "2007.11.25"]
[SourceQuality "1"]
[WhiteTeam "Lampertheim"]
[BlackTeam "Hockenheim"]
[WhiteTeamCountry "GER"]
[BlackTeamCountry "GER"]

1. d4 d5 2. Nf3 Nf6 3. c4 e6 4. Nc3 Be7 5. e3 0-0 6. Qc2 b6 7. g3 c5 8. dxc5 bxc5 9. cxd5 exd5 10. Be2 Nbd7 11. 0-0 Bb7 12. Rd1 Qb6 13. b3 Bc6 14. Rb1 Rab8 15. h3 Rfc8 16. Qf5 g6 17. Qd3 Rc7 18. Bd2 Rcb7 19. a4 Qc7 20. Qc2 Ne4 21. Be1 Ndf6 22. Ba6 Rb6 23. Bd3 Qb7 24. Bxe4 Nxe4 25. Nxd5 Bxd5 26. b4 cxb4 27. Rd4 Rc8 28. Qd3 Nf6 29. a5 Rb5 30. a6 Qb6 31. Ng5 Ba2 32. Rd1 Rxg5 33. h4 Rd5 34. Rxd5 Bxd5 35. h5 Be4 36. Qe2 Nxh5 37. Qg4 Bf5 38. Qf3 Nf6 39. Qe2 Bg4 40. f3 Be6 41. Bf2 Bc4 42. Qb2 Bc5 43. Qe5 Re8 44. Qf4 Bxa6 45. Kh2 b3 46. Kh3 Nh5 47. Qa4 Qb5 48. Qa1 b2 49. Qb1 Bxe3 0-1

[Event "Oberliga Baden 0506"]
[Site "Germany"]
[Date "2005.11.27"]
[Round "3.8"]
[White "Benend, Andreas"]
[Black "Pitic, Mustafa"]
[Result "1/2-1/2"]
[WhiteElo "2227"]
[BlackElo "2007"]
[PlyCount "55"]
[EventDate "2005.10.23"]
[EventType "team-tourn"]
[EventRounds "9"]
[EventCountry "GER"]
[SourceTitle "EXT 2007"]
[Source "ChessBase"]
[SourceDate "2006.11.23"]
[SourceVersion "1"]
[SourceVersionDate "2006.11.23"]
[SourceQuality "1"]
[WhiteTeam "Ladenburg"]
[BlackTeam "Lampertheim"]
[WhiteTeamCountry "GER"]
[BlackTeamCountry "GER"]

1. e4 c5 2. a3 g6 3. b4 Bg7 4. Nc3 Nc6 5. Rb1 d6 6. Bc4 cxb4 7. axb4 Nf6 8. Nge2 0-0 9. 0-0 Bd7 10. b5 Na5 11. Ba2 Rc8 12. Bb2 Nc4 13. Bxc4 Rxc4 14. d3 Rc8 15. Nd5 e6 16. Nxf6+ Bxf6 17. Bxf6 Qxf6 18. c4 d5 19. cxd5 exd5 20. Qd2 dxe4 21. dxe4 Rfd8 22. Qa5 Qe5 23. Qxa7 Qxe4 24. Ng3 Qc4 25. Qxb7 Rb8 26. Qe4 Qxe4 27. Nxe4 Bxb5 28. Rfd1 1/2-1/2

[Event "Oberliga Baden 0506"]
[Site "Germany"]
[Date "2005.11.13"]
[Round "2.8"]
[White "Pitic, Mustafa"]
[Black "Schork, Stefan"]
[Result "0-1"]
[WhiteElo "2007"]
[BlackElo "2196"]
[PlyCount "106"]
[EventDate "2005.10.23"]
[EventType "team-tourn"]
[EventRounds "9"]
[EventCountry "GER"]
[SourceTitle "EXT 2007"]
[Source "ChessBase"]
[SourceDate "2006.11.23"]
[SourceVersion "1"]
[SourceVersionDate "2006.11.23"]
[SourceQuality "1"]
[WhiteTeam "Lampertheim"]
[BlackTeam "Untergrombach"]
[WhiteTeamCountry "GER"]
[BlackTeamCountry "GER"]

1. Nf3 d6 2. d4 Bg4 3. g3 Bxf3 4. exf3 e6 5. Bg2 d5 6. 0-0 Bd6 7. f4 c6 8. b3 Ne7 9. Re1 0-0 10. c4 dxc4 11. bxc4 Bb4 12. Bd2 Qa5 13. a3 Bxd2 14. Qxd2 Qxd2 15. Nxd2 Rd8 16. Nb3 Na6 17. Rad1 Rd7 18. Na5 Rc8 19. c5 Nf5 20. Rb1 Nxd4 21. Rxb7 Nxc5 22. Rxd7 Nxd7 23. Rb1 Nb6 24. Kf1 Kf8 25. Be4 c5 26. Ke1 Rc7 27. h4 c4 28. Rb4 e5 29. Kd1 c3 30. Bd3 f6 31. fxe5 fxe5 32. f4 Nd5 33. Rb8+ Ke7 34. fxe5 c2+ 35. Kc1 Nc3 36. Bxc2 Nce2+ 37. Kd2 Rxc2+ 38. Ke3 Rc3+ 39. Ke4 Rc7 40. g4 Ne6 41. Ra8 Nc3+ 42. Kd3 Nb5 43. a4 Nbd4 44. Ke4 Rd7 45. Rc8 Rd8 46. Rc1 Rb8 47. Rc4 Kd7 48. h5 h6 49. Kd5 Rb1 50. Ke4 Re1+ 51. Kd5 Nf3 52. Nc6 Rd1+ 53. Nd4 Rxd4+ 0-1

[Event "Kurpfalz Seniors op 11th"]
[Site "Ludwigshafen"]
[Date "2005.09.22"]
[Round "5"]
[White "Pitic, Mustafa"]
[Black "Bounianer, Vladimir"]
[Result "0-1"]
[WhiteElo "1866"]
[BlackElo "2183"]
[PlyCount "52"]
[EventDate "2005.09.18"]
[EventType "swiss"]
[EventRounds "7"]
[EventCountry "GER"]
[SourceTitle "EXT 2007"]
[Source "ChessBase"]
[SourceDate "2006.11.23"]
[SourceVersion "1"]
[SourceVersionDate "2006.11.23"]
[SourceQuality "1"]

1. d4 d5 2. c4 e6 3. Nf3 Nf6 4. Nc3 c6 5. e3 Bd6 6. Qc2 Nbd7 7. g4 Nxg4 8. Rg1 Nxh2 9. Nxh2 Bxh2 10. Rxg7 Qh4 11. cxd5 exd5 12. b4 Nf6 13. b5 Kf8 14. Rg2 Bd6 15. bxc6 bxc6 16. Rb1 Bh3 17. Rg1 Bxf1 18. Rxf1 Re8 19. Ne2 Rc8 20. Rb7 Qe4 21. Qa4 Qe6 22. Qxa7 Ne4 23. f4 Rg8 24. Rh1 Rg7 25. Rd7 Bb4+ 26. Kf1 Qg4 0-1

[Event "Kurpfalz Seniors op 11th"]
[Site "Ludwigshafen"]
[Date "2005.09.20"]
[Round "3"]
[White "Pitic, Mustafa"]
[Black "Mueller, Waldemar"]
[Result "1/2-1/2"]
[WhiteElo "1866"]
[BlackElo "2055"]
[PlyCount "135"]
[EventDate "2005.09.18"]
[EventType "swiss"]
[EventRounds "7"]
[EventCountry "GER"]
[SourceTitle "EXT 2007"]
[Source "ChessBase"]
[SourceDate "2006.11.23"]
[SourceVersion "1"]
[SourceVersionDate "2006.11.23"]
[SourceQuality "1"]

1. d4 c5 2. d5 e5 3. dxe6 fxe6 4. c4 d5 5. cxd5 exd5 6. g3 Nf6 7. Nf3 Nc6 8. Bg2 Be7 9. 0-0 0-0 10. h3 Ne4 11. Nbd2 Bf5 12. Nh2 Nf6 13. f3 Qc7 14. e4 Bxh3 15. Bxh3 Qxg3+ 16. Bg2 Bd6 17. f4 Bxf4 18. Ndf3 dxe4 19. Bxf4 Qxf4 20. Nd2 Qe3+ 21. Kh1 Rad8 22. Qb3+ Qxb3 23. Nxb3 c4 24. Nc5 Rd2 25. Nxe4 Nxe4 26. Rxf8+ Kxf8 27. Bxe4 Rxb2 28. Bxc6 bxc6 29. Nf3 c3 30. Rc1 c2 31. Kg2 Rxa2 32. Nd4 c5 33. Ne6+ Ke7 34. Nxc5 Kd6 35. Nd3 a5 36. Ne1 Kd5 37. Kf3 Ra3+ 38. Ke2 Rc3 39. Nxc2 Ke4 40. Kd2 Rd3+ 41. Ke2 Rh3 42. Ra1 Rh2+ 43. Kd1 Rh1+ 44. Ne1 Rh5 45. Ra3 Rb5 46. Kd2 h5 47. Ra4+ Kd5 48. Ke3 g5 49. Nd3 Kc6 50. Kd4 Kd6 51. Ke4 Kc6 52. Ne5+ Kb6 53. Nc4+ Ka6 54. Kf3 Rb3+ 55. Ne3 Rb4 56. Ra3 a4 57. Rd3 g4+ 58. Kf2 h4 59. Rd6+ Kb5 60. Rd5+ Kb6 61. Rd2 g3+ 62. Kg2 Kb5 63. Rd5+ Kc6 64. Kh3 Rb3 65. Re5 a3 66. Kxh4 a2 67. Ra5 Rxe3 68. Rxa2 1/2-1/2

[Event "Verbandsliga Nord Baden 0405"]
[Site "Germany"]
[Date "2005.01.09"]
[Round "5.8"]
[White "Pitic, Mustafa"]
[Black "Rastert, Ralf"]
[Result "0-1"]
[WhiteElo "1974"]
[BlackElo "2161"]
[PlyCount "142"]
[EventDate "2004.10.10"]
[EventType "team"]
[EventRounds "9"]
[EventCountry "GER"]
[SourceTitle "EXT 2007"]
[Source "ChessBase"]
[SourceDate "2006.11.23"]
[SourceVersion "1"]
[SourceVersionDate "2006.11.23"]
[SourceQuality "1"]
[WhiteTeam "Lampertheim"]
[BlackTeam "Mosbach"]
[WhiteTeamCountry "GER"]
[BlackTeamCountry "GER"]

1. Nf3 f5 2. c4 Nf6 3. g3 g6 4. Bg2 Bg7 5. d4 0-0 6. b4 d6 7. Bb2 c6 8. 0-0 a5 9. a3 axb4 10. axb4 Rxa1 11. Bxa1 Na6 12. Qb3 d5 13. b5 cxb5 14. cxb5 Nc7 15. Ne5 e6 16. Bc3 Nd7 17. Bb4 Re8 18. Bd6 Nxe5 19. dxe5 Bd7 20. Na3 Bf8 21. Rc1 Na8 22. Bxf8 Kxf8 23. e3 Qb6 24. Qb4+ Kf7 25. Qh4 Kg8 26. Bf1 Qa5 27. Ra1 Qc3 28. Qd4 Rc8 29. Nb1 Qxd4 30. exd4 Nb6 31. Nd2 Nc4 32. Nb3 b6 33. Nc1 Bxb5 34. Nd3 Nd2 35. Be2 Bxd3 36. Bxd3 Nf3+ 37. Kf1 Nxd4 38. Rb1 Rb8 39. f4 Kf7 40. Kf2 Ke7 41. Ra1 Nc6 42. Bb5 Na5 43. Rc1 Kd8 44. Ba6 Ra8 45. Be2 Rc8 46. Rb1 Rc6 47. h4 h5 48. Bb5 Rc2+ 49. Kf3 Rc3+ 50. Kf2 Rb3 51. Rxb3 Nxb3 52. Ke3 Nc5 53. Kf3 Ne4 54. Bc6 Nc3 55. Ke3 b5 56. Kd3 b4 57. Bb7 Ne4 58. Kc2 Nxg3 59. Ba6 Ne4 60. Bb5 Nc5 61. Bc6 d4 62. Bb5 b3+ 63. Kb2 Kc7 64. Bc4 Kb6 65. Ka3 Ka5 66. Be2 d3 67. Bd1 Kb5 68. Bxb3 Nxb3 69. Kxb3 Kc5 70. Kc3 d2 71. Kxd2 Kd4 0-1

[Event "Baden VLN 0203"]
[Site "Baden"]
[Date "2003.01.19"]
[Round "5.7"]
[White "Mueller, Rudolf"]
[Black "Pitic, Mustafa"]
[Result "1-0"]
[WhiteElo "2295"]
[BlackElo "2008"]
[PlyCount "89"]
[EventDate "2002.10.13"]
[EventType "team-tourn"]
[EventRounds "9"]
[EventCountry "GER"]
[SourceTitle "EXT 2022"]
[Source "ChessBase"]
[SourceDate "2021.10.06"]
[SourceVersion "1"]
[SourceVersionDate "2021.10.06"]
[SourceQuality "1"]
[WhiteTeam "Karlsruhe II"]
[BlackTeam "Weinheim"]
[WhiteTeamCountry "GER"]
[BlackTeamCountry "GER"]

1. e4 c5 2. Nf3 Nc6 3. d4 cxd4 4. Nxd4 Nf6 5. Nc3 e5 6. Ndb5 d6 7. Bg5 a6 8. Na3 b5 9. Bxf6 gxf6 10. Nd5 f5 11. Bd3 Be6 12. c4 bxc4 13. Nxc4 Nd4 14. Qa4+ Bd7 15. Qb4 Bc6 16. Ncb6 Rb8 17. Rc1 Bxd5 18. Qa4+ Bc6 19. Rxc6 Nb5 20. Bxb5 axb5 21. Qxb5 Ke7 22. exf5 Bh6 23. 0-0 Kf6 24. Rd1 Bf8 25. Nd5+ Kg5 26. Qd3 h5 27. h4+ Kh6 28. Qe3+ Kh7 29. f6 Rg8 30. Rc7 Qe8 31. Qe4+ Kh8 32. Qf5 Rg6 33. b4 Qe6 34. Qxh5+ Kg8 35. Rd3 Rb5 36. Ne7+ Bxe7 37. Rxe7 Qc8 38. Rxf7 Kxf7 39. Qh7+ Ke6 40. Qxg6 Qc1+ 41. Kh2 Qf4+ 42. Kh3 Rxb4 43. f7+ Ke7 44. Qxd6+ Kxf7 45. Rf3 1-0

[Event "Kurpfalz Seniors op 08th"]
[Site "Ludwigshafen"]
[Date "2002.09.10"]
[Round "3"]
[White "Daum, Dieter"]
[Black "Pitic, Mustafa"]
[Result "0-1"]
[WhiteElo "1894"]
[BlackElo "1871"]
[PlyCount "32"]
[EventDate "2002.09.08"]
[EventType "swiss"]
[EventRounds "7"]
[EventCountry "GER"]
[SourceTitle "EXT 2007"]
[Source "ChessBase"]
[SourceDate "2006.11.23"]
[SourceVersion "1"]
[SourceVersionDate "2006.11.23"]
[SourceQuality "1"]

1. Nf3 Nf6 2. g3 c5 3. Bg2 g6 4. b3 Bg7 5. Bb2 0-0 6. c4 Nc6 7. 0-0 Re8 8. d3 e5 9. Nbd2 Rb8 10. a3 a6 11. Rb1 b5 12. e3 d6 13. Ng5 Bb7 14. Nge4 Qe7 15. Nc3 Na5 16. Nd5 Nxd5 0-1

[Event "Crailsheim op 4th"]
[Site "Crailsheim"]
[Date "1998.??.??"]
[Round "?"]
[White "Pitic, Mustafa"]
[Black "Jurek, Josef"]
[Result "0-1"]
[WhiteElo "1770"]
[BlackElo "2395"]
[PlyCount "50"]
[EventDate "1998.05.??"]
[EventType "swiss"]
[EventRounds "7"]
[EventCountry "GER"]
[SourceTitle "EXT 2006"]
[Source "ChessBase"]
[SourceDate "2005.11.24"]
[SourceVersion "1"]
[SourceVersionDate "2005.11.24"]
[SourceQuality "1"]

1. Nf3 c5 2. c4 Nf6 3. Nc3 e6 4. g3 b6 5. Bg2 Bb7 6. b3 Be7 7. Bb2 0-0 8. 0-0 d5 9. cxd5 exd5 10. d4 Na6 11. e3 Qc8 12. Rc1 Rd8 13. Qe2 Nb4 14. Rfd1 Ba6 15. Qd2 Nd3 16. Rc2 Ne4 17. Nxe4 dxe4 18. Ne1 Nxb2 19. Rxb2 cxd4 20. exd4 f5 21. Nc2 Bf6 22. Qe3 Qd7 23. Nb4 Bb7 24. Rbd2 Qe7 25. h4 Qxb4 0-1